Second five year plan of the Indian union: 1961 (Record no. 1333301)

MARC details
000 -LEADER
fixed length control field 00519nam a2200169Ia 4500
005 - DATE AND TIME OF LATEST TRANSACTION
control field 20250508151954.0
008 - FIXED-LENGTH DATA ELEMENTS--GENERAL INFORMATION
fixed length control field 008 250505s9999 xx 000 0 eng d
037 ## - SOURCE OF ACQUISITION
Stock number Reference
040 ## - CATALOGING SOURCE
Original cataloging agency FEDL
Language of cataloging eng
Transcribing agency FEDL
041 ## - LANGUAGE CODE
Language code of text/sound track or separate title eng
Source of code eng
084 ## - COLON CLASSIFICATION NUMBER
Classification number 309.230 954, IND
Assigning agency FEDL
245 #0 - TITLE STATEMENT
Title Second five year plan of the Indian union: 1961
245 #0 - TITLE STATEMENT
Statement of responsibility, etc. Government of India. Ministry of Information and Broadcasting
300 ## - PHYSICAL DESCRIPTION
Extent vi,57p.
942 ## - ADDED ENTRY ELEMENTS (KOHA)
Koha item type Reference
Classification part 309.230 954, IND
Holdings
Withdrawn status Lost status Damaged status Not for loan Home library Current library Date acquired Total Checkouts Full call number Barcode Date last seen Price effective from Koha item type
        Department of Education Library Department of Education Library 2025-05-08   309.230 954, IND EL0014635 2025-05-08 2025-05-08 Reference
Copyright @ Delhi University Library System